000 00261pam a2200121 a 4500
020 _c
041 _aeng
100 _aAnne Frank.
245 _aThe Diary Of A Yong Girl
_hTextual Documents
260 _a[s.l]:
_bPoclab Books
300 _a235p.
930 _a15558
999 _c92458
_d92458